000
00214nam a2200085Ia 4500
008
120527s9999 xx 000 0 und d
100
_a
Feiner,F.Susan
245
_a
Race and Gender in the american economy
942
_c
BK
999
_c
27211
_d
27211